<?xml version="1.0" encoding="UTF-8"?>
<record
    xmlns:xsi="http://www.w3.org/2001/XMLSchema-instance"
    xsi:schemaLocation="http://www.loc.gov/MARC21/slim http://www.loc.gov/standards/marcxml/schema/MARC21slim.xsd"
    xmlns="http://www.loc.gov/MARC21/slim">

  <leader>00629nam a22001817i 4500</leader>
  <controlfield tag="001">2707</controlfield>
  <controlfield tag="003">OSt</controlfield>
  <controlfield tag="005">20250730094615.0</controlfield>
  <controlfield tag="008">250725b        |||||||| |||| 00| 0 eng d</controlfield>
  <datafield tag="040" ind1=" " ind2=" ">
    <subfield code="c">Biblioteca de ejemplo</subfield>
  </datafield>
  <datafield tag="100" ind1=" " ind2=" ">
    <subfield code="a">Nettel Su&#xE1;rez, Guadalupe</subfield>
    <subfield code="9">1</subfield>
    <subfield code="e">autora</subfield>
    <subfield code="e">ilustradora</subfield>
  </datafield>
  <datafield tag="245" ind1=" " ind2=" ">
    <subfield code="a">El barco de teseo</subfield>
    <subfield code="b">: una gran aventura</subfield>
    <subfield code="c">/ Guadalupe Nettel y Adolfo Castellano</subfield>
  </datafield>
  <datafield tag="260" ind1=" " ind2=" ">
    <subfield code="a">Madrid</subfield>
    <subfield code="b">Anagrama</subfield>
    <subfield code="c">2023</subfield>
  </datafield>
  <datafield tag="650" ind1=" " ind2="0">
    <subfield code="a">Aventuras</subfield>
    <subfield code="9">6</subfield>
  </datafield>
  <datafield tag="700" ind1=" " ind2=" ">
    <subfield code="a">Castellano P&#xE9;rez, Adolfo</subfield>
    <subfield code="9">5</subfield>
  </datafield>
  <datafield tag="856" ind1=" " ind2=" ">
    <subfield code="u">https://redc.revistas.csic.es/index.php/redc/article/view/630/705</subfield>
    <subfield code="y">Consulta libre en este enlace</subfield>
    <subfield code="z">(Open Access)</subfield>
  </datafield>
  <datafield tag="942" ind1=" " ind2=" ">
    <subfield code="2">ddc</subfield>
    <subfield code="c">MO</subfield>
    <subfield code="n">0</subfield>
  </datafield>
  <datafield tag="999" ind1=" " ind2=" ">
    <subfield code="c">3</subfield>
    <subfield code="d">3</subfield>
  </datafield>
  <datafield tag="952" ind1=" " ind2=" ">
    <subfield code="0">0</subfield>
    <subfield code="1">0</subfield>
    <subfield code="2">ddc</subfield>
    <subfield code="4">0</subfield>
    <subfield code="7">0</subfield>
    <subfield code="a">CPL</subfield>
    <subfield code="b">CPL</subfield>
    <subfield code="d">2025-07-25</subfield>
    <subfield code="l">6</subfield>
    <subfield code="o">VGa-136</subfield>
    <subfield code="p">009704</subfield>
    <subfield code="r">2025-08-08 15:14:57</subfield>
    <subfield code="s">2025-08-08</subfield>
    <subfield code="w">2025-07-25</subfield>
    <subfield code="y">MO</subfield>
  </datafield>
</record>
